01201cam a22002771 4500001001300000003000400013005001700017008004100034010001700075035002000092040004800112042001200160050002300172051003100195110002900226245014600255260004300401300006700444490007100511490004200582501015500624650003500779700005100814700004100865999001700906gs 07001541 DLC20260227111307.0840925s1907 dcuabf f000 0 eng c ags 07001541  a(OCoLC)11195318 aU.S. Geol. survey. LibrarycCLSdOCoLCdDLC apremarc00aTC801b.U2 no. 202 aGB125b.U59 no. 56cCopy 22 aGeological Survey (U.S.)10aSurface water supply for Hudson, Passaic, Raritan, and Delaware river drainages, 1906.cH.K. Barrows and N.C. Grover, district hydrographers. aWashington,bGovt. Print. Off.,c1907. aiv, 77, ii p.billus., II pl. (incl. fold. map) diagr.c23 cm.0 aU.S. Geological survey. Water-supply and irrigation papervno. 2020 aP, Hydrographic progress reports,v56 aTC801.U2 no. 56 with : Surface water supply of New England, 1906. Washington : Govt. Print. Off., 1907. Bound together subsequent to publication.5DLC 0aWater-supplyzAtlantic States.1 aBarrows, H. K.q(Harold Kilbrith),d1873-1954.1 aGrover, Nathan Clifford,d1868-1956. c24687d24687